[Event "NLD-sf"]
[Site "?"]
[Date "1994.??.??"]
[Round "4"]
[White "Van Esch, B."]
[Black "Van den Doel, Erik"]
[Result "0-1"]
[WhiteElo "2205"]
[BlackElo "2335"]

1.d4 Nf6 2.c4 e6 3.Nf3 b6 4.g3 Ba6 5.b3 d5 6.cxd5 exd5 7.Bg2 c5 8.O-O Nc6
9.Nc3 h6 10.Bb2 Be7 11.Rc1 O-O 12.Na4 Re8 13.Re1 c4 14.Ne5 Na5 15.bxc4 Nxc4
16.Nxc4 Bxc4 17.a3 Rc8 18.Nc3 Qd7 19.e4 dxe4 20.Nxe4 Nxe4 21.Rxe4 Qb5 22.d5 Qxb2
23.Rexc4 Rxc4 24.Rxc4 Bc5 25.Re4 Rxe4 26.Bxe4 Qxf2+ 27.Kh1 Bxa3 28.Qg4 Qf1+  0-1

[Event "BCF-ch"]
[Site "Norwich"]
[Date "1994.??.??"]
[Round "6"]
[White "Arkell, Keith C"]
[Black "Motwani, Paul"]
[Result "1/2-1/2"]
[WhiteElo "2500"]
[BlackElo "2520"]

1.d4 Nf6 2.Nf3 e6 3.c4 b6 4.g3 Ba6 5.b3 d5 6.cxd5 exd5 7.Bg2 c5 8.O-O Nc6
9.Nc3 Rc8 10.Bg5 Be7 11.dxc5 bxc5 12.Rc1 O-O 13.Bxf6 Bxf6 14.Nxd5 Re8 15.Re1 Nb4
16.Nxb4 cxb4 17.Qxd8 Rexd8 18.e3 Rxc1 19.Rxc1 Bb2 20.Rb1 Be2 21.Re1 Bxf3
22.Bxf3 Rd2 23.Re2 Rxe2 24.Bxe2 Kf8 25.Bc4 Ke7 26.Kf1 Bc3 27.Ke2 f5 28.f4 Kf6
29.Bg8 h6 30.Kd3 Be1 31.Bd5 g5 32.Bc6 gxf4 33.gxf4 Ke6 34.Bb7 Ke7 35.h3 Kf6
36.Bc8 Kg6 37.Kd4 Kf6 38.Bd7 Bd2 39.h4 Be1 40.h5 Bd2 41.Kd3 Be1 42.Bc8 Bf2
43.Kd2 Bg3 44.Ke2 Bh4 45.Kf1  1/2-1/2

[Event "BCF-ch"]
[Site "Norwich"]
[Date "1994.??.??"]
[Round "11"]
[White "Walker, David"]
[Black "Greer, Kieran"]
[Result "1-0"]
[WhiteElo "2300"]
[BlackElo "2205"]

1.d4 Nf6 2.c4 e6 3.Nf3 b6 4.g3 Ba6 5.Nbd2 Bb4 6.Qc2 Bb7 7.Bg2 Bxd2+ 8.Qxd2 O-O
9.b3 d6 10.Bb2 Nbd7 11.O-O Qe7 12.Qc2 Rfe8 13.Nh4 Bxg2 14.Kxg2 Nf8 15.e4 c6
16.Kg1 Ng6 17.Ng2 Red8 18.Ne3 Rac8 19.f3 d5 20.e5 Ne8 21.c5 b5 22.f4 f5 23.Bc3 Nf8
24.g4 g6 25.h3 Ra8 26.Be1 a5 27.Ng2 Rdb8 28.Bh4 Qf7 29.Ne3 Ng7 30.a3 a4 31.b4 Nd7
32.Qg2 Rb7 33.Rf2 Kf8 34.Kf1 Ke8 35.Ke2 Kf8 36.Bg5 Kg8 37.Rg1 Kh8 38.Qg3 Rg8
39.Qh4 Rbb8 40.Nc2 Rbe8 41.Ne1 Rc8 42.Nf3 Ne8 43.Kd2 Ra8 44.Bh6 Nf8 45.Rfg2 Ra7
46.Ke3 Rc7 47.Bg5 Rc8 48.Bf6+ Nxf6 49.exf6 g5 50.Nxg5 Qxf6 51.gxf5 Rg7 52.Nf7+ Qxf7
53.Rxg7 Qxg7 54.Rxg7 Kxg7 55.Qe7+ Kg8 56.f6  1-0

[Event "SLO-ch"]
[Site "Nova Gorica"]
[Date "1994.??.??"]
[Round "?"]
[White "Tratar, Marko"]
[Black "Slak, Marjan"]
[Result "1-0"]
[WhiteElo "2365"]
[BlackElo "2250"]

1.d4 Nf6 2.c4 e6 3.Nf3 b6 4.g3 Ba6 5.b3 c5 6.Bg2 Bb7 7.d5 exd5 8.Nh4 g6 9.Bb2 Bg7
10.cxd5 d6 11.O-O b5 12.a4 b4 13.Nd2 a5 14.Qc2 O-O 15.e4 Nbd7 16.Rfe1 Nh5
17.Bxg7 Kxg7 18.Nc4 Nb6 19.Nxb6 Qxb6 20.Nf3 Rae8 21.Rad1 Qd8 22.e5 Kg8 23.Nd2 Rxe5
24.Rxe5 dxe5 25.Qxc5 Ba6 26.d6 Re8 27.Ne4 Ng7 28.Qc6 Be2 29.Rd2 Bg4 30.d7  1-0

[Event "Orel2"]
[Site "Orel"]
[Date "1994.??.??"]
[Round "1"]
[White "Pushkov, Nikolai"]
[Black "Anapolsky, Sergey"]
[Result "1/2-1/2"]
[WhiteElo "2485"]
[BlackElo "2455"]

1.d4 Nf6 2.c4 e6 3.Nf3 b6 4.g3 Ba6 5.b3 b5 6.cxb5 Bxb5 7.Bg2 d5 8.O-O Nbd7
9.Ba3 Bxa3 10.Nxa3 c6 11.Nxb5 cxb5 12.Qd3 Qb6 13.a4 b4 14.Ne5 Nxe5 15.dxe5 Nd7
16.a5 Qb8 17.f4 O-O 18.Rfc1 Rc8 19.Qd4 Qb5 20.Rxc8+ Rxc8 21.Qxa7 Nc5 22.Bf1 Nxb3
23.e3 Qc5 24.Qxc5 Rxc5 25.Ra4 Nxa5 26.Rxb4 g6  1/2-1/2

[Event "Orel"]
[Site "Orel"]
[Date "1994.??.??"]
[Round "8"]
[White "Zaitsev, Igor A"]
[Black "Pushkov, Nikolai"]
[Result "1/2-1/2"]
[WhiteElo "2430"]
[BlackElo "2510"]

1.d4 Nf6 2.c4 e6 3.Nf3 b6 4.g3 Ba6 5.b3 Bb7 6.Bg2 Bb4+ 7.Bd2 a5 8.O-O O-O
9.a3 Bxd2 10.Qxd2 Ne4 11.Qe3 d5 12.Nc3 Nxc3 13.Qxc3 Nd7 14.cxd5 Bxd5 15.b4 axb4
16.axb4 c5 17.dxc5 bxc5 18.bxc5 Qc7 19.Rxa8 Rxa8 20.Rc1 Rc8 21.Qb4 Qa7 22.e4 Qb7
23.Qxb7  1/2-1/2

[Event "Oslo op"]
[Site "Oslo"]
[Date "1994.??.??"]
[Round "9"]
[White "Hansen, Gunnar West"]
[Black "Davies, Nigel R"]
[Result "1/2-1/2"]
[WhiteElo "2275"]
[BlackElo "2525"]

1.Nf3 Nf6 2.c4 e6 3.d4 b6 4.g3 Ba6 5.b3 Bb7 6.Bg2 Bb4+ 7.Bd2 Be7 8.O-O O-O
9.Nc3 Na6 10.Bc1 d5 11.cxd5 exd5 12.Bb2 Qc8 13.Rc1 Rd8 14.a3 c5 15.Nb5 Ne4
16.dxc5 bxc5 17.Qc2 Qe6 18.Nc3 Rab8 19.Nxe4 dxe4 20.Ne5 e3 21.Bxb7 Rxb7 22.fxe3 Rxb3
23.Rxf7 Bf6 24.Rxf6 gxf6 25.Ng4 Rxb2 26.Qxb2 Rd6 27.Qb5 h5 28.Nf2 Qxe3 29.Qc4+ Qe6
30.Qc2 Kg7 31.Rb1 Rb6 32.Rd1 Rd6 33.Rb1 Rb6 34.Rd1 Rd6 35.Rb1  1/2-1/2

[Event "Ostrava"]
[Site "Ostrava"]
[Date "1994.??.??"]
[Round "5"]
[White "Novikov, Igor A"]
[Black "Sokolov, Andrei"]
[Result "1/2-1/2"]
[WhiteElo "2565"]
[BlackElo "2555"]

1.d4 Nf6 2.c4 e6 3.Nf3 b6 4.g3 Ba6 5.b3 Bb4+ 6.Bd2 Be7 7.Bg2 O-O 8.O-O d5
9.cxd5 Nxd5 10.Nc3 Nd7 11.Nxd5 exd5 12.Rc1 c5 13.Be3 Re8 14.Rc2 Nf6 15.Re1 Rc8
16.Qc1 Ne4 17.Qb2 Bf8 18.Rd1 Qf6 19.Nd2 cxd4  1/2-1/2

[Event "Pardubice op"]
[Site "Pardubice"]
[Date "1994.??.??"]
[Round "7"]
[White "Donchev, Dimitar I"]
[Black "Tunik, Gennady"]
[Result "1/2-1/2"]
[WhiteElo "2485"]
[BlackElo "2450"]

1.Nf3 Nf6 2.d4 e6 3.c4 b6 4.g3 Ba6 5.b3 Bb4+ 6.Bd2 Be7 7.Bg2 c6 8.O-O d5
9.Bc3 Nbd7 10.Nbd2 Rc8 11.Re1 O-O 12.e4 dxe4 13.Nxe4 c5 14.Qc2 Nxe4 15.Qxe4 Nf6
16.Qe3 cxd4 17.Nxd4 Bc5 18.Rad1 Re8 19.Qg5 h6 20.Qh4 Bxd4 21.Bxd4 Nh7 22.Qe4 Qe7
23.h4 Red8 24.Qe5 Nf6 25.Qe2 Rc7 26.Be5 Rcd7 27.Bc6 Rxd1 28.Rxd1 Bc8 29.Rd3 Ne8
30.Rxd8 Qxd8 31.Qg4 f6 32.Qd4 Qe7 33.Bb8 e5 34.Qd5+ Kh7 35.Bxa7 Qxa7 36.Bxe8 Qxa2
37.Qd3+ f5 38.Qd6 Qa1+ 39.Kh2 Qd4 40.Qxd4 exd4 41.Kg1 Kg8 42.Kf1 Kf8 43.Bb5 Bb7
44.Ke2 Be4 45.b4 Ke7 46.c5 bxc5 47.bxc5 g5 48.hxg5 hxg5 49.f3 Bd5 50.Kd3 Bxf3
51.Kxd4 f4  1/2-1/2

[Event "Passau op"]
[Site "Passau"]
[Date "1994.??.??"]
[Round "?"]
[White "Ftacnik, Lubomir"]
[Black "Shipov, Sergei"]
[Result "1/2-1/2"]
[WhiteElo "2565"]
[BlackElo "2525"]

1.d4 Nf6 2.Nf3 e6 3.c4 b6 4.g3 Ba6 5.Nbd2 Bb7 6.Bg2 Be7 7.O-O O-O 8.b3 c5
9.e3 cxd4 10.exd4 d5 11.Bb2 Nc6 12.Qe2 Rc8 13.Rac1 Bb4 14.Rfd1 Ba6 15.Nf1 Qe7
16.Ne3 Rfd8 17.Ne5 Na5 18.f4 dxc4 19.N3xc4 Nxc4 20.bxc4 Bb7 21.Rd3 Bd6 22.g4 Bxg2
23.Qxg2 Bxe5 24.fxe5 Nd7 25.Ba3 Qg5 26.Qg3 b5 27.h4 Qg6 28.h5 Qg5 29.c5 Nb8
30.Rf1 Nc6 31.Bc1 Qe7 32.Bb2 Rd5 33.g5 Rcd8 34.Rfd1 Qd7 35.g6 fxg6 36.hxg6 h6
37.Qh4 Nxe5 38.Rg3 Nc6 39.Rf1 Rf5 40.Rxf5 exf5 41.Re3 Qd5 42.Qf4 b4 43.Qc7 a5
44.a3 bxa3 45.Rxa3 f4 46.Qxf4 Nxd4 47.Bxd4 Qxd4+ 48.Qxd4 Rxd4 49.Rxa5 Rg4+
50.Kf2 Rxg6 51.Ke3 Kh7 52.Ke4 Rg5 53.Kd4 h5 54.Ra1 Rg2 55.Rc1 Kh6 56.c6 Rd2+
57.Ke5 Rd8 58.c7 Rc8 59.Kf5 g6+ 60.Kf4 Rf8+ 61.Kg3 Rc8 62.Kf4 Rf8+ 63.Kg3 Rc8  1/2-1/2

[Event "Passau op"]
[Site "Passau"]
[Date "1994.??.??"]
[Round "?"]
[White "Polak, Tomas"]
[Black "Farago, Ivan"]
[Result "0-1"]
[WhiteElo "2410"]
[BlackElo "2515"]

1.d4 Nf6 2.c4 e6 3.Nf3 b6 4.g3 Ba6 5.b3 Bb4+ 6.Bd2 Be7 7.Bg2 d5 8.Bc3 O-O
9.Ne5 Ne4 10.cxd5 exd5 11.O-O Bb7 12.Bb2 Na6 13.Nd2 Nf6 14.Rc1 c5 15.dxc5 bxc5
16.Qc2 Re8 17.Nd3 Qb6 18.Rfe1 Ne4 19.Nxe4 dxe4 20.Ne5 Nb4 21.Qb1 e3 22.f4 Bxg2
23.Kxg2 Rad8 24.Rcd1 Bf6 25.Nf3 Bd4 26.a3 Nc6 27.Rd3 Qb7 28.Red1 Rb8 29.Kg1 Bxb2
30.Qxb2 c4 31.Rc3 cxb3 32.Rdd3 Na5 33.Ne5 Red8 34.Rxd8+ Rxd8 35.Rxe3 Qb6
36.Kf2 f6 37.Ng4 h5  0-1

[Event "CZE Tschechien-ch"]
[Site "Prague"]
[Date "1994.??.??"]
[Round "2"]
[White "Kubikova, Hana"]
[Black "Hausner, Ivan"]
[Result "0-1"]
[WhiteElo "2165"]
[BlackElo "2480"]

1.d4 Nf6 2.c4 e6 3.Nf3 b6 4.g3 Ba6 5.Nbd2 d5 6.Bg2 Be7 7.O-O O-O 8.Ne5 c5
9.b3 Qe8 10.Bb2 Nc6 11.Nxc6 Qxc6 12.Rc1 Rad8 13.dxc5 bxc5 14.Qc2 Qd7 15.Rcd1 d4
16.Ne4 Nxe4 17.Qxe4 f5 18.Qc6 Qxc6 19.Bxc6 Rb8 20.Bc1 Bb7 21.Bxb7 Rxb7 22.e3 Rd8
23.exd4 cxd4 24.Rfe1 Kf7 25.Rd3 a5 26.Bf4 a4 27.Be5 Bc5 28.Red1 g5 29.Kg2 h5
30.h3 Kg6 31.Kf3 axb3 32.axb3 Ra8 33.Bxd4 Bxd4 34.Rxd4 Rxb3+ 35.R4d3 Raa3
36.Rxb3 Rxb3+ 37.Kg2 Rc3 38.Rd6 Kf6 39.Rc6 f4 40.gxf4 gxf4 41.Rc8 h4 42.f3 Ke5
43.Rc6 Rc2+ 44.Kg1 Re2 45.c5 Kd4 46.Kf1 Re3 47.Kf2 e5 48.Rc8 Rc3 49.c6 Rc2+
50.Ke1 Ke3 51.Kd1 Rc5 52.c7 Kxf3 53.Re8 Rxc7 54.Rxe5 Rg7 55.Rh5 Kg2  0-1

[Event "Pula PCA op"]
[Site "Pula"]
[Date "1994.??.??"]
[Round "?"]
[White "Shneider, Aleksandr"]
[Black "Tukmakov, Vladimir B"]
[Result "1/2-1/2"]
[WhiteElo "2570"]
[BlackElo "2570"]

1.d4 Nf6 2.c4 e6 3.Nf3 b6 4.g3 Ba6 5.b3 b5 6.cxb5 Bxb5 7.Nc3 Bb4 8.Bd2 Nc6
9.Bg2 O-O 10.O-O a5 11.a3 Bxc3 12.Bxc3 Qc8 13.Qd2  1/2-1/2

[Event "Pula PCA op"]
[Site "Pula"]
[Date "1994.??.??"]
[Round "?"]
[White "Romanishin, Oleg M"]
[Black "Shneider, Aleksandr"]
[Result "1/2-1/2"]
[WhiteElo "2585"]
[BlackElo "2570"]

1.d4 Nf6 2.Nf3 e6 3.c4 b6 4.g3 Ba6 5.Nbd2 Bb7 6.Bg2 c5 7.O-O cxd4 8.Nxd4 Bxg2
9.Kxg2 Qc8 10.N2f3 Be7 11.Bf4 O-O 12.Nb5 Na6 13.Rc1 Qc6 14.Bd6 Bxd6 15.Qxd6 Ne4
16.Qd4 d6 17.Rfd1 e5 18.Qd5 Qxd5 19.cxd5 Rfc8 20.Rc6 Nb4 21.Rxc8+ Rxc8 22.a3 a6
23.Nxd6 Nxd6 24.axb4 f6 25.Ra1 Rc4 26.Rxa6 Rxb4 27.Ra8+ Kf7 28.Ra7+ Kf8 29.Ra8+ Kf7
30.Ra7+ Kf8  1/2-1/2

[Event "Pula PCA op"]
[Site "Pula"]
[Date "1994.??.??"]
[Round "?"]
[White "Kragelj, Igor"]
[Black "Romanishin, Oleg M"]
[Result "0-1"]
[WhiteElo "2250"]
[BlackElo "2585"]

1.d4 Nf6 2.c4 e6 3.Nf3 b6 4.g3 Ba6 5.b3 Bb7 6.Bg2 Bb4+ 7.Bd2 a5 8.O-O O-O
9.Nc3 d6 10.Qc2 Nbd7 11.Rfe1 Bxc3 12.Bxc3 Be4 13.Qb2 a4 14.Bf1 Bb7 15.Nd2 c5
16.Bh3 Qc7 17.Rad1 Ra6 18.d5 e5 19.f4 Rfa8 20.e4 axb3 21.axb3 Ra2 22.Qb1 Bc8
23.Qd3 Qd8 24.f5 h6 25.Ra1 Nf8 26.Bg2 Bd7 27.Rxa2 Rxa2 28.Ra1 Rxa1+ 29.Bxa1 Qa8
30.Bb2 N8h7 31.Qb1 Qa5 32.Qc1 Ne8 33.Bc3 Qa7 34.Qa1 Qb7 35.b4 cxb4 36.Bxb4 Nhf6
37.Qa3 Qb8 38.Bf1 Bc8 39.Be2 Nd7 40.Qa4 Nef6 41.Qa3 Nc5 42.Bf3 Bd7 43.Kf2 g6
44.g4 Qd8 45.Ke2 Nh7 46.Nf1 Ng5 47.Bxc5 bxc5 48.Qa7 Nh3 49.Kd3 Be8 50.Ne3 Nf4+
51.Kc3 Qh4 52.Qa2 Qe1+ 53.Qd2 Qa1+ 54.Qb2 Qa5+ 55.Kc2 Ba4+ 56.Kb1 Qe1+ 57.Qc1 Qb4+
58.Qb2 Qe1+ 59.Qc1 Qf2  0-1

[Event "Rishon Le Ziyyon"]
[Site "Rishon Le Ziyyon"]
[Date "1994.??.??"]
[Round "1"]
[White "Alterman, Boris"]
[Black "Chernin, Alexander"]
[Result "1/2-1/2"]
[WhiteElo "2585"]
[BlackElo "2615"]

1.d4 Nf6 2.c4 e6 3.Nf3 b6 4.g3 Ba6 5.b3 Bb4+ 6.Bd2 Be7 7.Bg2 c6 8.Bc3 d5
9.Ne5 Nfd7 10.Nxd7 Nxd7 11.Nd2 O-O 12.O-O f5 13.Rc1 Rc8 14.Rc2 Bd6 15.Bb2  1/2-1/2

[Event "Rishon Le Ziyyon"]
[Site "Rishon Le Ziyyon"]
[Date "1994.??.??"]
[Round "2"]
[White "Kanstler, Boris"]
[Black "Gofshtein, Leonid D"]
[Result "0-1"]
[WhiteElo "2430"]
[BlackElo "2495"]

1.d4 Nf6 2.c4 e6 3.Nf3 b6 4.g3 Ba6 5.b3 d5 6.Bg2 c5 7.O-O Nc6 8.cxd5 exd5
9.Bb2 Rc8 10.Nc3 Be7 11.Rc1 O-O 12.Re1 Ne4 13.Na4 c4 14.Nc3 Bb4 15.Rf1 Re8
16.Nxe4 dxe4 17.Nh4 c3 18.Bxc3 Bxc3 19.Rxc3 Bxe2 20.Qxe2 Nxd4 21.Qxe4 Ne2+
22.Kh1 Rxe4 23.Rxc8 Qxc8 24.Bxe4 g6 25.Nf3 Qa6 26.Ra1 Nc3 27.Ba8 Qe2  0-1

[Event "Rishon Le Ziyyon"]
[Site "Rishon Le Ziyyon"]
[Date "1994.??.??"]
[Round "8"]
[White "Alterman, Boris"]
[Black "Gofshtein, Leonid D"]
[Result "1-0"]
[WhiteElo "2585"]
[BlackElo "2495"]

1.d4 Nf6 2.c4 e6 3.Nf3 b6 4.g3 Ba6 5.b3 Bb4+ 6.Bd2 Be7 7.Bg2 c6 8.Bc3 d5
9.Ne5 Nfd7 10.Nxd7 Nxd7 11.Nd2 f5 12.a4 O-O 13.O-O Nf6 14.a5 Bd6 15.axb6 axb6
16.Qc2 Qe7 17.Ra2 Bb7 18.Rfa1 Rxa2 19.Rxa2 Ne4 20.Nxe4 fxe4 21.e3 c5 22.Qd1 Bb8
23.Bh3 Qf7 24.b4 Bd6 25.bxc5 bxc5 26.Rb2 Ba6 27.Qa4 Bxc4 28.dxc5 Bxc5 29.Qc6 Qf3
30.Qxe6+ Kh8 31.Bg4 d4 32.Qxc4 Qxg4 33.Qxc5 Qd1+ 34.Be1 Qxe1+ 35.Kg2 Rg8
36.Qxd4 Qa1 37.Rb4 Qxd4 38.Rxd4 Re8 39.h4 h5 40.Rd5 g6 41.Rg5 Kg7 42.g4 hxg4
43.Kg3 Kh6 44.Kxg4 Ra8 45.h5 gxh5+ 46.Rxh5+ Kg6 47.Rf5 Rb8 48.Rf4 Re8 49.Kg3  1-0

[Event "Romania (Women)"]
[Site "Romania"]
[Date "1994.??.??"]
[Round "?"]
[White "Muchnik, Larisa l"]
[Black "Muresan, Margareta"]
[Result "1/2-1/2"]
[WhiteElo "2225"]
[BlackElo "2215"]

1.d4 Nf6 2.c4 e6 3.Nf3 b6 4.g3 Ba6 5.Qc2 c5 6.Bg2 Bb7 7.O-O Nc6 8.e3 Rc8
9.b3 Be7 10.Bb2 O-O 11.Nbd2 cxd4 12.exd4 d5 13.Rac1 Qc7 14.Qb1 Qb8 15.Ne5 Rfd8
16.Ndf3 dxc4 17.Nxf7 Kxf7 18.Ng5+ Kg8 19.Bh3 Nxd4 20.Bxd4 Rxd4 21.Bxe6+ Kh8
22.Nf7+ Kg8 23.Ng5+ Kh8 24.Nf7+ Kg8  1/2-1/2

[Event "Sarospatak op"]
[Site "Sarospatak"]
[Date "1994.??.??"]
[Round "?"]
[White "Izsak, Gyula"]
[Black "Foldi, Istvan"]
[Result "0-1"]
[WhiteElo "2365"]
[BlackElo "2350"]

1.d4 Nf6 2.c4 e6 3.Nf3 b6 4.g3 Ba6 5.b3 Bb4+ 6.Bd2 Be7 7.Nc3 c6 8.Bg2 O-O
9.O-O d5 10.cxd5 cxd5 11.Ne5 Nfd7 12.f4 Nxe5 13.fxe5 Nc6 14.Be3 Rc8 15.Na4 Nb4
16.Bf2 Rc2 17.Re1 Rxa2 18.Rxa2 Nxa2 19.e4 Bb7 20.Qb1 Nb4 21.Nc3 dxe4 22.Nxe4 Nd5
23.Rc1 Qd7 24.Rc4 Ba6 25.Rc1 Rc8 26.Rxc8+ Qxc8 27.Qa1 Bd3 28.Nd6 Bxd6 29.exd6 Qd7
30.Qc1 h6 31.Qa3 a5 32.Be1 Ne3 33.Bd2 Nxg2 34.Kxg2 Qc6+ 35.Kf2 Qh1 36.Qc1 Qxh2+
37.Kf3 Qe2+  0-1

[Event "Schwaebisch Gmuend op"]
[Site "Schwaebisch Gmuend"]
[Date "1994.??.??"]
[Round "3"]
[White "Schulz, Rainer"]
[Black "Balashov, Yuri S"]
[Result "0-1"]
[WhiteElo "2245"]
[BlackElo "2510"]

1.d4 Nf6 2.c4 e6 3.Nf3 b6 4.g3 Ba6 5.b3 Bb4+ 6.Bd2 Be7 7.Bg2 c6 8.O-O d5
9.Qc2 Nbd7 10.Bf4 Rc8 11.Nbd2 c5 12.dxc5 Bxc5 13.e4 dxc4 14.bxc4 Nh5 15.e5 Nxf4
16.gxf4 Qc7 17.Ng5 Be7 18.Nge4 O-O 19.Qa4 Bb7 20.Rfd1 Rfd8 21.c5 Nxc5 22.Nxc5 Bxc5
23.Ne4 Bxe4 24.Bxe4 g6 25.Kg2 Qe7 26.Qb3 Bd4 27.Rac1 Rxc1 28.Rxc1 Bxe5 29.Qg3 Bb8  0-1

[Event "Schwaebisch Gmuend op"]
[Site "Schwaebisch Gmuend"]
[Date "1994.??.??"]
[Round "6"]
[White "Steinmacher, Josef"]
[Black "Jurek, Josef"]
[Result "0-1"]
[WhiteElo "2030"]
[BlackElo "2280"]

1.d4 Nf6 2.c4 e6 3.Nf3 b6 4.g3 Ba6 5.b3 Bb4+ 6.Bd2 Be7 7.Bc3 d5 8.Bg2 c6
9.Nbd2 Nbd7 10.O-O O-O 11.Re1 c5 12.e4 dxc4 13.Bf1 cxd4 14.Bxd4 e5 15.Nxe5 Nxe5
16.Bxe5 Bb4 17.Bf4 Qd7 18.a3 Bc3 19.Rc1 Bb2 20.Rb1 Bxa3 21.Ra1 Qe7 22.Bg5 c3
23.Bxa6 cxd2 24.Bxd2 Rad8 25.Qe2 Rxd2 26.Qxd2 Bb4 27.Qe2 Bxe1 28.Rxe1 Nd7
29.e5 Nc5 30.Bc4 a6 31.Qe3 Rd8 32.f4 Ne6 33.f5 Nd4 34.f6 Qb4 35.Rf1 Qc5 36.Rf2 Ne6
37.Qe4 Ng5 38.Qg2 Qxe5 39.h4 Ne4  0-1

[Event "Sevilla op"]
[Site "Sevilla"]
[Date "1994.??.??"]
[Round "4"]
[White "Garcia Ilundain, David"]
[Black "Detter, Peter"]
[Result "1/2-1/2"]
[WhiteElo "2475"]
[BlackElo "2205"]

1.d4 Nf6 2.Nf3 e6 3.c4 b6 4.g3 Ba6 5.b3 d5 6.Bg2 dxc4 7.Ne5 Bb4+ 8.Kf1 Bd6
9.Nxc4 Nd5 10.Bb2 O-O 11.Nc3 Bb4 12.Rc1 Nc6 13.Nxd5 exd5 14.Ne3 Ne7 15.Bf3 c6
16.Kg2 Bc8 17.Qc2 Be6 18.Rhd1 Qd7 19.Bc3 Ba3 20.Bb2 Bb4 21.Bc3 Ba3 22.Bb2 Bb4  1/2-1/2

[Event "Skei"]
[Site "Skei"]
[Date "1994.??.??"]
[Round "8"]
[White "Scholseth, Tor Kristian"]
[Black "Gausel, Einar"]
[Result "1/2-1/2"]
[WhiteElo "2305"]
[BlackElo "2485"]

1.d4 Nf6 2.c4 e6 3.Nf3 b6 4.g3 Ba6 5.b3 Bb4+ 6.Bd2 Be7 7.Bg2 Bb7 8.Nc3 c6
9.O-O d5 10.Qc2 O-O 11.e4 Na6 12.e5 Ne8 13.cxd5 cxd5 14.a3 Nac7 15.h4 Rc8
16.Qb1 Ba6 17.Rc1 g6 18.Bg5 Ng7 19.Qb2 Qd7 20.Qd2 Rfd8 21.Bh3 Nce8 22.Bxe7 Qxe7
23.Qh6 Nf5 24.Bxf5 exf5 25.h5 Qf8 26.Qxf8+ Kxf8 27.hxg6 hxg6 28.Na2 Ng7 29.Ng5 Ke7
30.Rxc8 Rxc8 31.Rc1 Rxc1+ 32.Nxc1 Ne8 33.f4 Nc7 34.Nf3 Nb5 35.a4 Nc3 36.Kf2 Bb7
37.Kg2 a5 38.Kh3 Ba6 39.Kg2 Ne4 40.Ne1 Kd7 41.Kf3 Kc6 42.g4 Nd2+ 43.Kg3 Ne4+
44.Kf3 fxg4+ 45.Kxg4 Bc8+ 46.Kf3 Ba6 47.Nc2 Kd7 48.Ne3 Ke6 49.f5+ gxf5 50.Kf4 b5
51.axb5 Bxb5 52.Nxf5 Ba6 53.Ne3 Nc3 54.Nc2 Bf1 55.Ke3 Kf5 56.Kd2 Ne4+ 57.Ke3 Bb5
58.Na2 Ke6 59.Ne1 Ng3 60.Nc2 Nf5+ 61.Kd2 Kd7 62.Nc3 Bc6 63.Ne2 Bb5  1/2-1/2

[Event "SLO-chT"]
[Site "?"]
[Date "1994.??.??"]
[Round "?"]
[White "Plesec, Damjan"]
[Black "Jelen, Iztok"]
[Result "1/2-1/2"]
[WhiteElo "2325"]
[BlackElo "2380"]

1.d4 Nf6 2.c4 e6 3.Nf3 b6 4.g3 Ba6 5.b3 Bb4+ 6.Bd2 Be7 7.Bg2 c6 8.O-O d5
9.Ne5 Nfd7 10.Nxd7 Nxd7 11.cxd5 cxd5 12.Bc1 O-O 13.Ba3 Rc8 14.Qd2 Rc6 15.Bf3 Bxa3
16.Nxa3 Qc7 17.Rfc1 Rc8 18.Rxc6 Qxc6 19.Qb2 Qc3 20.Qxc3 Rxc3 21.Rd1 Kf8  1/2-1/2

[Event "Solin"]
[Site "Solin"]
[Date "1994.??.??"]
[Round "2"]
[White "Berebora, Ferenc"]
[Black "Dizdarevic, Emir"]
[Result "0-1"]
[WhiteElo "2390"]
[BlackElo "2515"]

1.d4 Nf6 2.Nf3 e6 3.c4 b6 4.g3 Ba6 5.b3 Bb7 6.Bg2 Bb4+ 7.Bd2 Be7 8.Nc3 d5
9.Ne5 O-O 10.O-O Na6 11.cxd5 exd5 12.Rc1 Re8 13.Be3 c6 14.f4 Bb4 15.Qc2 Rc8
16.Rfd1 Nc7 17.Qb2 Qe7 18.Nb1 Nb5 19.Bd2 c5 20.e3 cxd4 21.exd4 Ne4 22.Bxb4 Qxb4
23.Rxc8 Rxc8 24.a3 Qe7 25.a4 Nbd6 26.Nd2 f6 27.Nef3 Qc7 28.Bh3 Qc2 29.Qxc2 Rxc2
30.Kf1 Ba6+ 31.Ke1 Kf7 32.Bf1 Bxf1 33.Kxf1 Nf5 34.Ke1 h5 35.Rb1 Nxd4 36.Nxd4 Rxd2
37.Nc6 Rxh2  0-1

[Event "Solin"]
[Site "Solin"]
[Date "1994.??.??"]
[Round "7"]
[White "Horvath, Jozsef"]
[Black "Grosar, Aljosa"]
[Result "1/2-1/2"]
[WhiteElo "2515"]
[BlackElo "2435"]

1.d4 Nf6 2.c4 e6 3.Nf3 b6 4.g3 Ba6 5.b3 Bb7 6.Bg2 Bb4+ 7.Bd2 c5 8.O-O O-O
9.Bc3 Na6 10.Bb2 cxd4 11.Qxd4 Be7 12.Nc3 Nc5 13.Ne1 Bxg2 14.Nxg2 Qe8 15.e4 d6
16.Rfe1 a6 17.Ne3  1/2-1/2

[Event "St Petersburg op"]
[Site "St Petersburg"]
[Date "1994.??.??"]
[Round "2"]
[White "Dokuchaev, Aleksander"]
[Black "Anastasian, Ashot"]
[Result "0-1"]
[WhiteElo "2400"]
[BlackElo "2545"]

1.d4 Nf6 2.c4 e6 3.Nf3 b6 4.g3 Ba6 5.b3 Bb4+ 6.Bd2 Be7 7.Bg2 c6 8.Bc3 d5
9.Ne5 Nfd7 10.Nxd7 Nxd7 11.Nd2 O-O 12.O-O Nf6 13.e4 b5 14.e5 Nd7 15.c5 b4
16.Bxb4 Bxf1 17.Bxf1 a5 18.Bc3 f6 19.f4 fxe5 20.fxe5 Nxc5 21.dxc5 Bxc5+ 22.Kh1 Qg5
23.Bg2 Qe3 24.Rc1 Ba3 25.Rc2 Qd3 26.Bb2 Bxb2 27.Rxb2 Rf2 28.Qe1 Raf8  0-1

[Event "St Petersburg op"]
[Site "St Petersburg"]
[Date "1994.??.??"]
[Round "7"]
[White "Nepomnishay, Mikhail I"]
[Black "Geller, Efim P"]
[Result "1-0"]
[WhiteElo "2345"]
[BlackElo "2490"]

1.d4 Nf6 2.c4 e6 3.Nf3 b6 4.g3 Ba6 5.Nbd2 c5 6.e4 cxd4 7.e5 Ng4 8.h3 Nh6
9.Bg2 Nc6 10.O-O Nf5 11.a3 Rc8 12.Re1 Be7 13.b4 Bb7 14.Ne4 h5 15.Bf4 d6 16.exd6 Nxd6
17.Neg5 Bf6 18.Nxe6 fxe6 19.Rxe6+ Kf7 20.Rxd6 Qe7 21.c5 bxc5 22.bxc5 Nd8
23.Qb3+ Kf8 24.Rxf6+  1-0

[Event "St Petersburg op"]
[Site "St Petersburg"]
[Date "1994.??.??"]
[Round "8"]
[White "Avrukh, Boris"]
[Black "Ionov, Sergey"]
[Result "1/2-1/2"]
[WhiteElo "2425"]
[BlackElo "2505"]

1.d4 Nf6 2.c4 e6 3.Nf3 b6 4.g3 Ba6 5.b3 Bb4+ 6.Bd2 Be7 7.Bg2 c6 8.Bc3 Ne4
9.O-O d5 10.Bb2 Nd7 11.Nbd2 f5 12.Nxe4 fxe4 13.Ne5 Nxe5 14.dxe5 O-O 15.Qc2 Qe8
16.a4 Bc5 17.e3 Qe7 18.a5 b5 19.cxd5 cxd5 20.b4 Bxb4 21.Qc6 Bb7 22.Qxb5 a6
23.Qa4 Bc8 24.Ba3 Bxa3 25.Qxa3 Qxa3 26.Rxa3  1/2-1/2

[Event "Rilton Cup9495"]
[Site "Stockholm"]
[Date "1994.??.??"]
[Round "6"]
[White "Wedberg, Tom"]
[Black "Fant, Goran"]
[Result "1-0"]
[WhiteElo "2460"]
[BlackElo "2080"]

1.c4 Nf6 2.Nf3 e6 3.d4 b6 4.g3 Ba6 5.b3 Bb4+ 6.Bd2 Be7 7.Bg2 c6 8.O-O d5
9.Bc3 O-O 10.Nbd2 Nfd7 11.e4 b5 12.Re1 dxe4 13.Rxe4 bxc4 14.bxc4 Bf6 15.Rc1 c5
16.Re1 Nc6 17.Ne5 Nxd4 18.Bxd4 cxd4 19.Bxa8 Nxe5 20.Be4 Qa5 21.Nb3 Qb4 22.c5 Nd7
23.c6 Nb6 24.Nc5 Bc4 25.Nd3 Qa3 26.Rc2 e5 27.Qf3 Qa4 28.Rec1 Qb5 29.Qf5 g6
30.Qxf6 Bxd3 31.Rc5 Qa6 32.c7 Nc8 33.Qxa6 Bxa6 34.Rxe5 Nb6 35.Rd1 f5 36.Bd5+ Kg7
37.Rxd4 Bc8  1-0

[Event "SVK-chT"]
[Site "?"]
[Date "1994.??.??"]
[Round "11"]
[White "Cervenka, Imrich"]
[Black "Lipka, Juraj"]
[Result "1/2-1/2"]
[WhiteElo "2245"]
[BlackElo "2310"]

1.d4 Nf6 2.Nf3 e6 3.c4 b6 4.g3 Ba6 5.b3 Bb7 6.Bg2 Bb4+ 7.Bd2 a5 8.O-O O-O
9.Nc3 d6 10.a3 Bxc3 11.Bxc3 Nbd7 12.Nd2 Bxg2 13.Kxg2 d5 14.Re1 Qb8 15.e4 dxe4
16.Nxe4 Nxe4 17.Rxe4 Nf6 18.Rh4 Qd8 19.Qd3 h6 20.Rd1 a4 21.b4 b5 22.d5 bxc4
23.Bxf6 cxd3 24.Bxd8 Raxd8 25.dxe6 fxe6 26.Rc4 Rd7 27.Rd2 e5 28.f3 g5 29.Kf2 Rf6
30.h4 gxh4 31.Rxh4 Rc6 32.b5 Rc5 33.Rb4 Rdd5 34.Ke3 Rxb5 35.Rxb5 Rxb5 36.Rxd3 c5
37.Ke4 Rb3 38.Rd8+ Kf7 39.Rc8 Rc3 40.Rc7+ Ke6 41.Rc6+ Kd7 42.Rxh6 Rxa3 43.Kxe5 Rxf3
44.Kd5 Rxg3 45.Kxc5  1/2-1/2

[Event "SVK-chT"]
[Site "?"]
[Date "1994.??.??"]
[Round "12"]
[White "Husek, Zdenek"]
[Black "Debnar, Lubos"]
[Result "0-1"]
[WhiteElo "2255"]
[BlackElo "2270"]

1.d4 Nf6 2.c4 e6 3.Nf3 b6 4.g3 Ba6 5.Qc2 Bb7 6.Bg2 Be4 7.Qb3 Nc6 8.O-O Be7
9.Rd1 O-O 10.Nc3 Na5 11.Qa4 Bc6 12.Qc2 Nxc4 13.e4 Bb7 14.a3 d5 15.Ne5 Nd6
16.exd5 exd5 17.Na2 a5 18.Be3 Nfe4 19.Nc6 Qd7 20.Rac1 Rfc8 21.Nc3 Qxc6 22.Nxe4 Qxc2
23.Rxc2 dxe4 24.Rdc1 Bd5 25.Bh3 f5 26.Rxc7 Rxc7 27.Rxc7 Bf6 28.Bf4 Rd8 29.Bxd6  0-1

[Event "SVK-chT"]
[Site "?"]
[Date "1994.??.??"]
[Round "14"]
[White "Horvath, Mario"]
[Black "Debnar, Lubos"]
[Result "1-0"]
[WhiteElo "2215"]
[BlackElo "2270"]

1.d4 Nf6 2.c4 e6 3.Nf3 b6 4.g3 Ba6 5.b3 Bb4+ 6.Bd2 Be7 7.Nc3 O-O 8.Bg2 d5
9.cxd5 exd5 10.O-O Bb7 11.Bc1 Na6 12.Bb2 c5 13.Rc1 Qc8 14.Qc2 Rd8 15.Rfd1 h6
16.e3 Qe6 17.Qb1 Rac8 18.Ne2 Bf8 19.Nf4 Qe7 20.Qa1 Ne4 21.dxc5 bxc5 22.Nh5 f6
23.Nf4 Qf7 24.Nd2 Ng5 25.Nf3 Rc7 26.Qb1 Ne4 27.Nd2 Ng5 28.h4 Ne6 29.Nxe6 Qxe6
30.Nf3 Rcd7 31.Kh2 Rd6 32.Rd2 Qg4 33.Ne1 Bc8 34.Rcd1 Bf5 35.Qc1 Be6 36.Nd3 Bf7
37.Nf4 Qd7 38.Qc3 Be7 39.Nxd5 Kh8 40.Nxf6  1-0